| 000 | 01231nam a2200325 c 4500 | ||
|---|---|---|---|
| 999 |
_c31693 _d31693 |
||
| 003 | BLK | ||
| 005 | 20220228143223.0 | ||
| 008 | 180407b bul|||||r ||||||| ||bul|| | ||
| 010 | _aKNG00034351000 | ||
| 020 | _a954-9548-21-Х | ||
| 040 | _aBLK | ||
| 041 |
_aBUL _cBUL |
||
| 072 | 7 |
_2bullib _aК _xКраезнание |
|
| 072 | 7 |
_2bullib _aРА _xРусенски автори |
|
| 080 |
_aБългарска литература _b821.163.2 _x-1 _z821.163.2-1 |
||
| 100 | 1 |
_aЯнева-Медникарова, Дора Стоянова _eпърви автор _9365173 |
|
| 139 |
_aЯнева-Медникарова, Дора Стоянова _bЯ 54 |
||
| 245 | 1 | 0 |
_aДостойно ест _bСтихове _cДора Стоянова Янева-Медникарова. |
| 257 | _aBGR | ||
| 260 |
_bАвангард принт _c2000 |
||
| 300 |
_a24 с. _c20 см |
||
| 380 | _aX | ||
| 500 | _aСъдържа и Уловени мигове / Комент. архим. В. Мутафов | ||
| 659 | _aК | ||
| 852 | _aЦб 206743 | ||
| 852 | _aК 821.163.2/Я 54 Д | ||
| 856 | 4 | _qpdf | |
| 856 | 4 | _qpdf | |
| 942 |
_cKNG _n0 _s1 |
||
| 944 |
_aCR _c08.05.2003 _kНаталия_Медовщикова |
||
| 944 |
_aED _c10.04.2008 |
||
| 999 | _d31693 | ||
| 999 | _d31693 | ||